000 00423nam a2200169Ia 4500
008 210210b1965 xxu||||| |||| 00| 0 eng d
041 _aeng
082 _a546 SAVT
100 _aSAVUR (G R)
245 _aText book of inorganic chemistry Vol 3
260 _aBombay
_bPopular Prakashan
_c1965
300 _axi,429,4
440 _a3
650 _aInorganic Chemistry
690 _aInorganic Chemistry
906 _a009612
999 _c148535
_d148535